Normal view
MARC view
Entry Personal Name
001 - CONTROL NUMBER
- control field: 635172
003 - CONTROL NUMBER IDENTIFIER
- control field: OSt
005 - DATE AND TIME OF LATEST TRANSACTION
- control field: 20221005124418.0
008 - FIXED-LENGTH DATA ELEMENTS
- fixed length control field: 221005|| aca||aabn | a|a d
040 ## - CATALOGING SOURCE
- Original cataloging agency: OSt
- Transcribing agency: OSt
100 ## - HEADING--PERSONAL NAME
- Personal name: Vindhan Pseud Au
670 ## - SOURCE DATA FOUND
- Source citation: Work cat.: (OSt)1050375: Vindhan Pseud Au., Mullai koliyal, 1956
